000 00621nam a2200217Ia 4500
003 BUBTL
008 151213s9999 xx 000 0 und d
020 _a9780521384087
082 _a418.007/ R3901l/ 1990
100 _aRichards, jack C.
_94641
245 _aThe Language Teaching Matrix :
_cjack C. Richards
250 _a1st
260 _aU.K
_bCambridge University Press
_cc1990
300 _a[ix],185p . :
_b23cm
500 _aIncludes Index
650 _aEnglish Language
_9194
700 _ajack C. Richards
_94642
856 _k0
_l0
_yDownload
942 _2ddc
_cBK
999 _c4896
_d4896